[Event "20e tournoi d'automne"]
[Site "Montigny le Bretonneux"]
[Date "2022.10.26"]
[Round "5.17"]
[White "Ganbat, Tushig"]
[Black "Rosu, Matei"]
[Result "1-0"]
[WhiteElo "1309"]
[BlackElo "1118"]
[Annotator "Rivier,Sylvain"]
[PlyCount "67"]
[EventDate "2022.??.??"]

{Partie italienne, guiocco piano} 1. e4 e5 2. Nf3 Nc6 3. Bc4 Bc5 4. O-O Nf6 5.
d3 h6 6. c3 d5 7. exd5 Nxd5 8. b4 Bb6 9. Bxd5 Qxd5 10. c4 Qd7 11. c5 Nxb4 12.
cxb6 axb6 13. a3 O-O 14. Nxe5 Qd4 15. Nc4 b5 16. Bb2 Qxd3 17. axb4 Qxd1 18.
Rxd1 Rxa1 19. Bxa1 bxc4 20. Nd2 Rd8 21. Kf1 Bf5 22. Ke2 Bd3+ 23. Ke3 Re8+ 24.
Kd4 Re2 25. Nxc4 Bc2 26. Rc1 Rxf2 27. Ne3 Rd2+ 28. Ke5 Re2 29. Kf4 Ba4 30. Rxc7
Bc6 31. Rc8+ Kh7 32. Rf8 g5+ 33. Kf5 Rxe3 34. Rh8# 1-0

[Event "20e tournoi d'automne"]
[Site "Montigny le Bretonneux"]
[Date "2022.10.26"]
[Round "5.18"]
[White "Yu, Etan"]
[Black "Alata, Aurelien"]
[Result "0-1"]
[WhiteElo "1199"]
[BlackElo "1306"]
[Annotator "Rivier,Sylvain"]
[PlyCount "112"]
[EventDate "2022.??.??"]

{Défense Petroff} 1. e4 e5 2. Nf3 Nf6 3. Nxe5 d6 4. Nf3 Nxe4 5. Qe2 Qe7 6. d3
Nf6 7. Bg5 Qxe2+ 8. Bxe2 Be7 9. Nc3 Bd7 10. O-O O-O 11. Rfe1 Nc6 12. Bf1 Rfe8
13. Ne4 Nxe4 14. Rxe4 Bxg5 15. Nxg5 h6 16. Nf3 Rxe4 17. dxe4 Bg4 18. Bd3 Bxf3
19. gxf3 Nb4 20. Rd1 Nxd3 21. Rxd3 Kf8 22. Kf1 Ke7 23. Ke2 Re8 24. Ra3 a6 25.
Rb3 b6 26. Rc3 Kd7 27. Re3 Re5 28. f4 Rh5 29. h3 Rc5 30. Kd2 Ke6 31. Rc3 Rxc3
32. Kxc3 f6 33. Kd4 c5+ 34. Ke3 g5 35. f5+ Ke5 36. c3 b5 37. b3 d5 38. f3 dxe4
39. fxe4 h5 40. c4 b4 41. Kd3 g4 42. hxg4 hxg4 43. Ke3 g3 44. Kf3 g2 45. Kxg2
Kxe4 46. Kg3 Kxf5 47. Kf3 Ke5 48. Ke3 f5 49. Kf3 f4 50. Ke2 Ke4 51. Kf2 f3 52.
Kf1 Ke3 53. Ke1 f2+ 54. Kf1 Kf3 55. a4 bxa3 56. b4 a2 0-1

[Event "20e tournoi d'automne"]
[Site "Montigny le Bretonneux"]
[Date "2022.10.26"]
[Round "5.19"]
[White "Montay, Jean-Paul"]
[Black "Ndika, Anthony"]
[Result "1-0"]
[WhiteElo "1229"]
[BlackElo "1265"]
[Annotator "Rivier,Sylvain"]
[PlyCount "61"]
[EventDate "2022.??.??"]

{DÃ©fense sicilienne, variante Rossolimo} 1. e4 c5 2. Nf3 Nc6 3. Bb5 g6 4. Bxc6
bxc6 5. d4 Bg7 6. O-O cxd4 7. Nxd4 e5 8. Nf3 d5 9. Nc3 Ne7 10. Bg5 d4 11. Ne2
O-O 12. Qd3 Qc7 13. Qc4 Bg4 14. Nd2 Rfe8 15. c3 Bxe2 16. Qxe2 c5 17. cxd4 cxd4
18. Rac1 Qd7 19. Nb3 Qa4 20. Qd3 Qxa2 21. Rc2 Qa4 22. Nc5 Qb4 23. Na6 Qb6 24.
Nc7 Nc6 25. Nxa8 Rxa8 26. Bd2 Bf8 27. Rc4 Qb5 28. Rfc1 Nb4 29. Bxb4 Bxb4 30.
Rc8+ Rxc8 31. Rxc8+ 1-0

[Event "20e tournoi d'automne"]
[Site "Montigny le Bretonneux"]
[Date "2022.10.27"]
[Round "6.1"]
[White "Yu, Matthieu"]
[Black "Gouanelle, Franck"]
[Result "1-0"]
[WhiteElo "1743"]
[BlackElo "2065"]
[Annotator "Rivier,Sylvain"]
[PlyCount "79"]
[EventDate "2022.??.??"]

{Ouverture du pion dame} 1. d4 d6 2. c4 g6 3. Nf3 Bg7 4. Nc3 Nd7 5. Bf4 e5 6.
dxe5 dxe5 7. Bg3 Ne7 8. e4 O-O 9. Be2 f6 10. O-O Nc5 11. b4 Ne6 12. Qc2 Nc6 13.
Rad1 Ncd4 14. Nxd4 Nxd4 15. Qd3 c6 16. f4 Nxe2+ 17. Qxe2 Qb6+ 18. c5 Qxb4 19.
Qe3 Bg4 20. Rd6 Bh6 21. Rb1 exf4 22. Rxb4 fxe3 23. Rxb7 Rfb8 24. Rxb8+ Rxb8 25.
h3 Bh5 26. Rxc6 Rb2 27. Rc8+ Kf7 28. Nd5 Rb1+ 29. Kh2 Rf1 30. c6 Be2 31. Rc7+
Kg8 32. Rxa7 Bg4 33. c7 Bd7 34. Ra8+ Kf7 35. c8=Q Bxc8 36. Rxc8 e2 37. Rc7+ Kg8
38. a4 f5 39. Nf6+ Kf8 40. Bd6# 1-0

[Event "20e tournoi d'automne"]
[Site "Montigny le Bretonneux"]
[Date "2022.10.27"]
[Round "6.2"]
[White "Divies, Renaud"]
[Black "Orfila, Kristofer"]
[Result "0-1"]
[WhiteElo "1930"]
[BlackElo "1740"]
[Annotator "Rivier,Sylvain"]
[PlyCount "90"]
[EventDate "2022.??.??"]

{Ouverture anglaise, variante sicilienne inversée} 1. c4 e5 2. Nc3 Nc6 3. g3 f5
4. Bg2 Nf6 5. e3 g6 6. d4 e4 7. f3 Bb4 8. Nge2 exf3 9. Bxf3 O-O 10. O-O Re8 11.
a3 Bf8 12. b4 d6 13. Qd3 Bg7 14. Bd2 a6 15. Rae1 Rb8 16. Nf4 Bd7 17. Re2 Kh8
18. Rfe1 b5 19. c5 dxc5 20. bxc5 b4 21. Nb1 a5 22. Qa6 Ne4 23. axb4 axb4 24.
Nd3 Qg5 25. d5 Ne5 26. Nxe5 Bxe5 27. c6 Bc8 28. Qa7 Rb6 29. Bxe4 fxe4 30. Bc1
Rf8 31. Bb2 Kg8 32. Bd4 Ra6 33. Qc5 Bxg3 34. Rg2 Bxh2+ 35. Kh1 Qh4 36. Qxf8+
Kxf8 37. Rf1+ Bf4+ 38. Kg1 g5 39. exf4 gxf4 40. Be5 f3 41. Bxc7 Bh3 42. Bd6+
Kf7 43. Rxf3+ exf3 44. Rg3 Bg4 45. c7 Ra2 0-1

[Event "20e tournoi d'automne"]
[Site "Montigny le Bretonneux"]
[Date "2022.10.27"]
[Round "6.3"]
[White "Forissier, Nicolas"]
[Black "Ascencio-Parvy, Joseph"]
[Result "1-0"]
[WhiteElo "1922"]
[BlackElo "1650"]
[Annotator "Rivier,Sylvain"]
[PlyCount "173"]
[EventDate "2022.??.??"]

{DÃ©fense vieille indienne} 1. d4 Nf6 2. c4 d6 3. Nc3 e5 4. g3 g6 5. dxe5 dxe5
6. Qxd8+ Kxd8 7. Bg5 Be7 8. O-O-O+ Nfd7 9. Nf3 f6 10. Bh6 c6 11. Nh4 Kc7 12. f4
Bf8 13. Bxf8 Rxf8 14. Ne4 Na6 15. Nd6 Nac5 16. b4 Ne6 17. e3 f5 18. Bh3 exf4
19. exf4 Nf6 20. Rhe1 Bd7 21. Nf3 b6 22. Ne5 Be8 23. Bg2 Nd8 24. Re2 Rb8 25. b5
c5 26. Nf3 Bd7 27. Re7 Nc6 28. Ne5 Nd4 29. Ndf7 Rbe8 30. Rxe8 Rxe8 31. Ng5 Re7
32. Ngf3 Ne6 33. Rd3 Be8 34. a4 Ne4 35. Ra3 Kd6 36. a5 Nc7 37. axb6 axb6 38.
Ra7 Nd5 39. Ra3 Nb4 40. Nd2 Nc3 41. Rxc3 Na2+ 42. Kb2 Nxc3 43. Kxc3 Rc7 44. Kb2
Rg7 45. Nf1 Bf7 46. Ne3 Be6 47. Nd5 Bxd5 48. Bxd5 Ke7 49. Bc6 Kd6 50. Bd5 Ke7
51. Nf3 Kf6 52. Kc3 Ra7 53. Kd3 Re7 54. Ng1 Ra7 55. Ne2 Ra2 56. Bc6 Ke7 57. h4
Kd6 58. Bd5 Ra7 59. Nc3 h6 60. Bc6 Ra1 61. Kc2 Ra3 62. Kd3 Ra1 63. Be8 Rg1 64.
Ne2 Rd1+ 65. Ke3 Ke6 66. Bxg6 Ra1 67. Bh7 Ra8 68. h5 Rh8 69. Bg6 Rd8 70. Nc3
Rd4 71. Bh7 Kf7 72. Bxf5 Rxc4 73. g4 Rd4 74. Be4 Ke6 75. Nd5 Rxd5 76. Bxd5+
Kxd5 77. g5 hxg5 78. h6 gxf4+ 79. Kxf4 c4 80. h7 Kc5 81. h8=Q Kxb5 82. Ke4 Kb4
83. Qb2+ Kc5 84. Qa3+ Kb5 85. Kd4 c3 86. Kxc3 Kc6 87. Kb4 1-0

[Event "20e tournoi d'automne"]
[Site "Montigny le Bretonneux"]
[Date "2022.10.27"]
[Round "6.4"]
[White "Martin-Breteau, Paul"]
[Black "Delmas-Goyon, Francois"]
[Result "1/2-1/2"]
[WhiteElo "1329"]
[BlackElo "1899"]
[Annotator "Rivier,Sylvain"]
[PlyCount "69"]
[EventDate "2022.??.??"]

{DÃ©fense sicilienne, variante TaÃ¯manov} 1. e4 c5 2. Nf3 Nc6 3. Nc3 e6 4. d4
cxd4 5. Nxd4 Qc7 6. Be3 a6 7. Be2 Nf6 8. O-O Bb4 9. Na4 Be7 10. Nxc6 bxc6 11.
Nb6 Rb8 12. Nxc8 Qxc8 13. Bd4 O-O 14. Qd3 c5 15. Bc3 Rb6 16. Bf3 d5 17. exd5
Rd6 18. Be5 Rd7 19. d6 Rfd8 20. Rfd1 Ne8 21. Qe4 Nxd6 22. Qg4 Ne8 23. Qa4 Bf6
24. Bxf6 Nxf6 25. Rxd7 Rxd7 26. c4 h5 27. h3 Rd4 28. Rd1 e5 29. Bd5 Kf8 30.
Rxd4 exd4 31. Bf3 Qe6 32. Qc2 g6 33. a3 a5 34. Kf1 Ke7 35. Qb3 1/2-1/2

[Event "20e tournoi d'automne"]
[Site "Montigny le Bretonneux"]
[Date "2022.10.27"]
[Round "6.5"]
[White "Li, Zi-Long"]
[Black "Touiller, Thibault"]
[Result "1/2-1/2"]
[WhiteElo "1771"]
[BlackElo "1712"]
[Annotator "Rivier,Sylvain"]
[PlyCount "146"]
[EventDate "2022.??.??"]

{Gambit Benko} 1. d4 Nf6 2. c4 c5 3. d5 b5 4. cxb5 a6 5. bxa6 Bxa6 6. Nc3 g6 7.
e4 Bxf1 8. Kxf1 Bg7 9. Nf3 d6 10. g3 O-O 11. Kg2 Nbd7 12. a4 Ra6 13. Qe2 Qa8
14. Ra3 Ng4 15. Nd2 h5 16. h3 Ngf6 17. Nf3 e6 18. dxe6 fxe6 19. Rd1 d5 20. Nb5
Qc6 21. exd5 exd5 22. Bf4 Ne4 23. Nc7 Rxa4 24. Nxd5 Re8 25. Qc2 Rxa3 26. bxa3
Ndf6 27. Nxf6+ Bxf6 28. Kg1 Kg7 29. Re1 g5 30. Bc1 g4 31. hxg4 hxg4 32. Nh4
Bxh4 33. gxh4 c4 34. Bb2+ Kh6 35. Qc1+ Kh7 36. Qd1 c3 37. Bc1 Qf6 38. Qc2 Qc6
39. Re3 Kg7 40. Qd1 Kh7 41. Qd3 Kg7 42. Qd4+ Kh7 43. a4 Qg6 44. a5 Qf5 45. Rd3
Re7 46. Qe3 Qf6 47. a6 Nd2 48. Bxd2 Rxe3 49. Bxe3 Qxa6 50. Rxc3 Qe2 51. Kg2
Qf3+ 52. Kg1 Kg6 53. Rc5 Kf6 54. Rg5 Ke6 55. h5 Qd1+ 56. Kh2 Qd6+ 57. Kg2 Qc6+
58. Kg1 Qe4 59. h6 Qb1+ 60. Kg2 Qb7+ 61. Kg3 Qf3+ 62. Kh2 Qh3+ 63. Kg1 Kf6 64.
h7 Qxh7 65. Rxg4 Qb1+ 66. Kg2 Kf5 67. Rf4+ Ke5 68. Kf3 Qb7+ 69. Kg3 Qh1 70.
Bd4+ Kd5 71. Be3 Ke5 72. Bd4+ Kd5 73. Be3 Ke5 1/2-1/2

[Event "20e tournoi d'automne"]
[Site "Montigny le Bretonneux"]
[Date "2022.10.27"]
[Round "6.6"]
[White "Petitgas, Aurelien"]
[Black "Plantet, Marc"]
[Result "0-1"]
[WhiteElo "1516"]
[BlackElo "1739"]
[Annotator "Rivier,Sylvain"]
[PlyCount "64"]
[EventDate "2022.??.??"]

{Gambit du roi, gambit du cavalier} 1. e4 e5 2. f4 exf4 3. Nf3 Ne7 4. d4 d5 5.
e5 Ng6 6. h4 h5 7. Bd3 c5 8. Bxg6 fxg6 9. Bxf4 cxd4 10. Nxd4 Nc6 11. Qd3 Nxd4
12. Qxd4 Be6 13. Nc3 Be7 14. O-O-O Qa5 15. Qa4+ Qxa4 16. Nxa4 O-O 17. g3 Rfd8
18. Nc3 a6 19. Ne2 d4 20. Kb1 Bc5 21. Bg5 Rd7 22. Nf4 Bf5 23. e6 Rd6 24. Be7
Rc6 25. Bxc5 Rxc5 26. Nd3 Rd5 27. Rhe1 Rc8 28. e7 Kf7 29. Rd2 Ke8 30. Rf2 Rd7
31. Rfe2 Rcc7 32. Kc1 Bxd3 0-1

[Event "20e tournoi d'automne"]
[Site "Montigny le Bretonneux"]
[Date "2022.10.27"]
[Round "6.7"]
[White "Demiro O Domiro, Marc"]
[Black "Dang, Louis"]
[Result "1/2-1/2"]
[WhiteElo "1639"]
[BlackElo "1394"]
[Annotator "Rivier,Sylvain"]
[PlyCount "82"]
[EventDate "2022.??.??"]

{Partie du pion dame} 1. d4 d5 2. Bf4 Nf6 3. e3 e6 4. Nf3 Be7 5. h3 O-O 6. Bd3
c5 7. c3 Qb6 8. Qc1 Nc6 9. Nbd2 Bd7 10. O-O Rac8 11. Qb1 h6 12. g4 cxd4 13.
exd4 Rfd8 14. Re1 Na5 15. Ne5 Bb5 16. Bxb5 Qxb5 17. Qc2 Nc6 18. Qb3 Qa6 19. Qd1
Nxe5 20. Bxe5 Qd3 21. Re3 Qg6 22. Qb1 Qxb1+ 23. Rxb1 Nd7 24. Bg3 Nb6 25. f4 Kf8
26. h4 Nc4 27. Nxc4 Rxc4 28. Rbe1 Bd6 29. Kg2 Rc6 30. h5 Ra6 31. a3 Rb6 32.
R1e2 a5 33. g5 hxg5 34. fxg5 Bxg3 35. Kxg3 Ke7 36. Kh4 Rh8 37. Re5 Kd7 38. Rf2
Ke7 39. Rfe2 Kd7 40. Rf2 Ke7 41. Rfe2 Kd7 1/2-1/2

[Event "20e tournoi d'automne"]
[Site "Montigny le Bretonneux"]
[Date "2022.10.27"]
[Round "6.8"]
[White "Mouton, Galina"]
[Black "Kunne, Ronald"]
[Result "0-1"]
[WhiteElo "1406"]
[BlackElo "1533"]
[Annotator "Rivier,Sylvain"]
[PlyCount "66"]
[EventDate "2022.??.??"]

{Gambit dame, dÃ©fense semi-slave} 1. Nf3 d5 2. d4 Nf6 3. c4 c6 4. Nc3 e6 5. e3
Nbd7 6. c5 e5 7. dxe5 Ne4 8. Nxe4 dxe4 9. e6 fxe6 10. Nd4 Qf6 11. b4 b6 12. Rb1
e5 13. Nb3 b5 14. Nd2 Qg6 15. g3 Be7 16. Bg2 Nf6 17. Bb2 Be6 18. a3 O-O-O 19.
a4 Rd3 20. Bxe5 Rhd8 21. Rb2 Qf5 22. Bd4 Ng4 23. f4 R8xd4 24. exd4 e3 25. Qc2
exd2+ 26. Ke2 Bc4 27. Qb1 Qe6+ 28. Kd1 Ne3+ 29. Ke2 Nxg2+ 30. Kf2 Qe3+ 31. Kxg2
Qf3+ 32. Kg1 d1=Q+ 33. Qxd1 Rxd1# 0-1

[Event "20e tournoi d'automne"]
[Site "Montigny le Bretonneux"]
[Date "2022.10.27"]
[Round "6.9"]
[White "Cogez, Celine"]
[Black "Duget, Long Jc"]
[Result "0-1"]
[WhiteElo "1651"]
[BlackElo "1639"]
[Annotator "Rivier,Sylvain"]
[PlyCount "112"]
[EventDate "2022.??.??"]

{Défense sicilienne, variante Alapine} 1. e4 c5 2. c3 Nf6 3. e5 Nd5 4. d4 cxd4
5. Qxd4 Nb6 6. Nf3 Nc6 7. Qe4 d5 8. exd6 Qxd6 9. Bf4 Qe6 10. Bd3 Qxe4+ 11. Bxe4
f6 12. O-O e5 13. Re1 Be7 14. Be3 Be6 15. Nbd2 Nc4 16. Nxc4 Bxc4 17. b3 Be6 18.
Rad1 Kf7 19. Bd5 Rhd8 20. Bxe6+ Kxe6 21. a4 b6 22. b4 Rac8 23. Rc1 g5 24. Re2
g4 25. Ne1 Kf7 26. Rec2 f5 27. f4 e4 28. a5 bxa5 29. b5 Nb8 30. Bxa7 Bc5+ 31.
Bxc5 Rxc5 32. c4 Nd7 33. g3 Nb6 34. Ng2 Rd3 35. Kf2 a4 36. Ne3 a3 37. Ke2 Ke6
38. Rc3 Rxc3 39. Rxc3 a2 40. Ra3 Nxc4 41. Nxc4 Rxc4 42. Rxa2 Rb4 43. Ra6+ Kd5
44. Rf6 Rb2+ 45. Ke3 Rb3+ 46. Kd2 e3+ 47. Kc2 e2 48. Rxf5+ Kc4 49. Re5 Rxb5 50.
Rxb5 e1=Q 51. Rb8 Qe2+ 52. Kb1 Qxh2 53. Rc8+ Kd5 54. Rd8+ Ke6 55. Re8+ Kf7 56.
Re3 Qg1+ 0-1

[Event "20e tournoi d'automne"]
[Site "Montigny le Bretonneux"]
[Date "2022.10.27"]
[Round "6.10"]
[White "Schwartz, Timothee"]
[Black "Briquet, Tom"]
[Result "1/2-1/2"]
[WhiteElo "1334"]
[BlackElo "1329"]
[Annotator "Rivier,Sylvain"]
[PlyCount "117"]
[EventDate "2022.??.??"]

{Partie italienne, gambit Evans refusé} 1. e4 e5 2. Nf3 Nc6 3. Bc4 Bc5 4. b4
Bxb4 5. c3 Be7 6. d4 exd4 7. Qb3 Na5 8. Bxf7+ Kf8 9. Qa4 Kxf7 10. Qxa5 d6 11.
cxd4 Nf6 12. O-O Rf8 13. Nc3 Kg8 14. e5 b6 15. Qb5 Nd7 16. Qd5+ Kh8 17. Qxa8
dxe5 18. Qe4 exd4 19. Nxd4 Nc5 20. Qe3 Bf6 21. Rd1 Re8 22. Qd2 Bxd4 23. Bb2 h6
24. Ne2 Bf6 25. Qxd8 Bxd8 26. Ng3 Bg5 27. Re1 Rd8 28. Ne4 Nxe4 29. Rxe4 Bb7 30.
Re2 Ba6 31. Ree1 Rd2 32. Bc1 Rc2 33. Bxg5 hxg5 34. Rec1 Rxc1+ 35. Rxc1 c5 36.
f3 Bd3 37. Kf2 Kg8 38. Ke3 c4 39. Kd4 a5 40. Re1 Kf7 41. Re5 Bf1 42. g3 g6 43.
Rb5 Bg2 44. Rxb6 Bxf3 45. Kxc4 a4 46. Kb4 Bd1 47. Rd6 Bc2 48. Rd2 Bb1 49. Kxa4
Ke6 50. Kb5 Kf5 51. a4 Be4 52. a5 Kg4 53. a6 Kh3 54. a7 g4 55. Kb6 g5 56. Kc7
Bf3 57. Kb8 Be4 58. a8=Q Bxa8 59. Kxa8 1/2-1/2

[Event "20e tournoi d'automne"]
[Site "Montigny le Bretonneux"]
[Date "2022.10.27"]
[Round "6.11"]
[White "Daele, Herve"]
[Black "Beaufils, Philippe"]
[Result "0-1"]
[WhiteElo "1591"]
[BlackElo "1774"]
[Annotator "Rivier,Sylvain"]
[PlyCount "88"]
[EventDate "2022.??.??"]

{Défense hollandaise} 1. d4 e6 2. c4 f5 3. g3 d5 4. cxd5 Qxd5 5. Nf3 Nc6 6. a3
Nf6 7. Nc3 Qa5 8. Bf4 Nd5 9. b4 Nxc3 10. bxa5 Nxd1 11. Kxd1 Bd6 12. Bd2 O-O 13.
e3 e5 14. Bc4+ Kh8 15. d5 Ne7 16. Bc3 e4 17. Nd4 a6 18. Bb4 Rf6 19. Ne6 Bxb4
20. axb4 Nxd5 21. Bxd5 Bxe6 22. Bxb7 Rb8 23. Bxa6 Bb3+ 24. Kd2 Rxa6 25. Kc3 Bd5
26. Rhb1 Rb5 27. Kd4 Rd6 28. Kc3 h6 29. a6 Rc6+ 30. Kd2 Rd6 31. Kc3 Rd8 32. a7
Ra8 33. Ra3 c5 34. Ra6 cxb4+ 35. Rxb4 Rc8+ 36. Kd4 Rxb4+ 37. Kxd5 Ra8 38. Kc6
Kh7 39. Rb6 Ra4 40. Kd5 R8xa7 41. Ke5 R7a5+ 42. Ke6 Ra2 43. Rb8 Rc2 44. Kf7 Rc6
0-1

[Event "20e tournoi d'automne"]
[Site "Montigny le Bretonneux"]
[Date "2022.10.27"]
[Round "6.12"]
[White "Rosu, Alexandru"]
[Black "Rauche, Michel"]
[Result "1-0"]
[WhiteElo "1428"]
[BlackElo "1298"]
[Annotator "Rivier,Sylvain"]
[PlyCount "81"]
[EventDate "2022.??.??"]

{Défense sicilienne, fianchetto accéléré} 1. e4 c5 2. Nf3 Nc6 3. d4 cxd4 4.
Nxd4 g6 5. Nc3 Bg7 6. Be3 Nf6 7. Be2 O-O 8. O-O d5 9. exd5 Nxd5 10. Nxd5 Qxd5
11. Bf3 Qd7 12. Nxc6 bxc6 13. Qxd7 Bxd7 14. Rfd1 Bf5 15. c3 Rab8 16. Rd2 a5 17.
Bxc6 h5 18. Bf3 h4 19. h3 Bf6 20. Rad1 a4 21. Bh6 Rfc8 22. a3 g5 23. Rd5 e6 24.
Rd7 e5 25. R7d6 Be7 26. Ra6 Rc7 27. g3 hxg3 28. fxg3 Kh7 29. h4 gxh4 30. Bc1
Rg8 31. Rh6+ Kg7 32. gxh4 Kf8+ 33. Kh2 e4 34. Be2 Rd7 35. Rf1 Be6 36. Rxe6 Bd6+
37. Kh1 Rg3 38. Rxd6 Rxd6 39. Bf4 Rh3+ 40. Kg2 Rd2 41. Bxd2 1-0

[Event "20e tournoi d'automne"]
[Site "Montigny le Bretonneux"]
[Date "2022.10.27"]
[Round "6.13"]
[White "Longbien, Dominique"]
[Black "Montay, Jean-Paul"]
[Result "1-0"]
[WhiteElo "1379"]
[BlackElo "1229"]
[Annotator "Rivier,Sylvain"]
[PlyCount "119"]
[EventDate "2022.??.??"]

{Ouverture du pion dame} 1. d4 Nf6 2. Bf4 e6 3. Nf3 Nc6 4. e3 Be7 5. Bd3 O-O 6.
h3 d5 7. c3 h6 8. Nbd2 Bd6 9. Ne5 Bxe5 10. Bxe5 Nxe5 11. dxe5 Nd7 12. f4 Qh4+
13. Kf1 Qe7 14. Qg4 f6 15. Qg6 f5 16. Ke2 Qf7 17. Qxf7+ Rxf7 18. g4 Nc5 19. Bc2
Ne4 20. Nxe4 dxe4 21. Rad1 Bd7 22. Rd4 c5 23. Rd6 Bb5+ 24. Kf2 Bc4 25. Rhd1 Bd5
26. b3 c4 27. bxc4 Bxc4 28. Bb3 b5 29. R1d4 Re7 30. Bxc4 bxc4 31. Rxc4 Kf7 32.
Rb4 Rc8 33. c4 Rec7 34. Rd4 Ke7 35. Ke2 Rd8 36. Rxd8 Kxd8 37. gxf5 exf5 38. Kd2
Rd7+ 39. Kc2 Rd3 40. Rb3 Rd7 41. Rc3 g5 42. Rb3 g4 43. hxg4 fxg4 44. Rb8+ Ke7
45. Rg8 h5 46. Rh8 Rd3 47. Rxh5 Rxe3 48. f5 Rf3 49. Kd2 g3 50. Rg5 Rf2+ 51. Ke3
Rxa2 52. Kxe4 g2 53. Kd5 a5 54. f6+ Kf7 55. Rg7+ Kf8 56. e6 Rf2 57. e7+ Ke8 58.
Rg8+ Kf7 59. e8=Q+ Kxf6 60. Qf8# 1-0

[Event "20e tournoi d'automne"]
[Site "Montigny le Bretonneux"]
[Date "2022.10.27"]
[Round "6.14"]
[White "Marillonnet, Paul"]
[Black "Danek, Victor"]
[Result "1-0"]
[WhiteElo "1278"]
[BlackElo "1342"]
[Annotator "Rivier,Sylvain"]
[PlyCount "45"]
[EventDate "2022.??.??"]

{Gambit dame, défense orthodoxe} 1. d4 d5 2. c4 e6 3. Nc3 Nf6 4. Bg5 Nbd7 5.
Nf3 Be7 6. e3 O-O 7. Bd3 Re8 8. Rc1 Nf8 9. O-O Ng6 10. Qc2 a6 11. cxd5 exd5 12.
Ne2 c6 13. Nf4 Qc7 14. Bxf6 Bxf6 15. Nxd5 Qd6 16. Nxf6+ Qxf6 17. Rfe1 Bg4 18.
Ne5 Be6 19. Nxg6 fxg6 20. Bf1 Bxa2 21. b3 Bxb3 22. Qxb3+ Qf7 23. Bc4 1-0

[Event "20e tournoi d'automne"]
[Site "Montigny le Bretonneux"]
[Date "2022.10.27"]
[Round "6.15"]
[White "Alata, Aurelien"]
[Black "Larzilliere, Yoan"]
[Result "1-0"]
[WhiteElo "1306"]
[BlackElo "1199"]
[Annotator "Rivier,Sylvain"]
[PlyCount "67"]
[EventDate "2022.??.??"]

{Défense néo-Grünfeld} 1. d4 Nf6 2. c4 g6 3. Nf3 Bg7 4. g3 c6 5. Bg2 d5 6. Nbd2
O-O 7. O-O Qb6 8. cxd5 cxd5 9. b3 Ne4 10. Bb2 Nc6 11. e3 Bf5 12. Nh4 Nxd2 13.
Qxd2 Be4 14. f3 g5 15. fxe4 gxh4 16. exd5 Qb4 17. Bc3 Qd6 18. dxc6 hxg3 19.
hxg3 Qxg3 20. Qf2 Qxf2+ 21. Rxf2 Rac8 22. Bb4 bxc6 23. Bxe7 Rfe8 24. Bg5 c5 25.
Rd2 f6 26. Bf4 Rcd8 27. Rad1 cxd4 28. Rxd4 Rc8 29. Rd7 a5 30. Ra7 Rc5 31. Rdd7
Rc1+ 32. Kh2 Bf8 33. Bd5+ Kh8 34. Rxh7# 1-0

[Event "20e tournoi d'automne"]
[Site "Montigny le Bretonneux"]
[Date "2022.10.27"]
[Round "6.16"]
[White "Boye-Monneret, Leonard"]
[Black "Ganbat, Tushig"]
[Result "0-1"]
[WhiteElo "1199"]
[BlackElo "1309"]
[Annotator "Rivier,Sylvain"]
[PlyCount "50"]
[EventDate "2022.??.??"]

{Défense Nimzo-indienne, variante classique} 1. d4 Nf6 2. c4 e6 3. Nc3 Bb4 4.
Qc2 h6 5. a3 Bxc3+ 6. Qxc3 b6 7. Nf3 Bb7 8. Bf4 d6 9. e3 Bxf3 10. gxf3 Nc6 11.
d5 exd5 12. cxd5 Ne7 13. Bb5+ Kf8 14. e4 a6 15. Ba4 Ng6 16. Bg3 Kg8 17. Rc1 Ra7
18. O-O Qd7 19. Qc6 Qh3 20. Rfe1 Nh4 21. Bxh4 Qxh4 22. e5 Qg5+ 23. Kf1 dxe5 24.
Rxe5 Qxe5 25. Re1 Qd6 0-1

[Event "20e tournoi d'automne"]
[Site "Montigny le Bretonneux"]
[Date "2022.10.27"]
[Round "6.17"]
[White "Rosu, Matei"]
[Black "Larzilliere, Eric"]
[Result "0-1"]
[WhiteElo "1118"]
[BlackElo "1457"]
[Annotator "Rivier,Sylvain"]
[PlyCount "126"]
[EventDate "2022.??.??"]

{Défense sicilienne, variante Najdorf} 1. e4 c5 2. Nf3 d6 3. d4 cxd4 4. Nxd4
Nf6 5. Nc3 a6 6. Bg5 e6 7. f4 Be7 8. Bd3 Nc6 9. Be2 O-O 10. Qd2 Qc7 11. O-O-O
b5 12. Nxc6 Qxc6 13. Bf3 e5 14. Bxf6 Bxf6 15. Qxd6 Qxd6 16. Rxd6 exf4 17. Rhd1
Bxc3 18. bxc3 Be6 19. Kb2 g5 20. e5 Ra7 21. Bd5 Bxd5 22. R1xd5 Re8 23. e6 fxe6
24. Rxg5+ Kf7 25. Rh5 Kg6 26. Rh3 Ree7 27. Rf3 Kg5 28. g3 e5 29. gxf4+ exf4 30.
h3 Kf5 31. Rd4 Re4 32. Rd5+ Ke6 33. Rh5 Re5 34. Rh4 Kf5 35. Rhxf4+ Kg5 36. Rg4+
Kh5 37. Rfg3 Rae7 38. h4 Re4 39. Rxe4 Rxe4 40. Rg7 h6 41. Rd7 Rxh4 42. Rd6 Ra4
43. Kb3 Kg5 44. Rc6 h5 45. c4 Rxc4 46. Rxc4 bxc4+ 47. Kxc4 h4 48. Kd5 h3 49. c4
h2 50. c5 h1=Q+ 51. Kd6 Qb7 52. c6 Qc8 53. c7 Kf4 54. a4 Ke4 55. a5 Kd4 56. Kc6
Kc4 57. Kb6 Kb4 58. Ka7 Qxc7+ 59. Kxa6 Qc6+ 60. Ka7 Kxa5 61. Kb8 Qd7 62. Ka8
Kb6 63. Kb8 Qb7# 0-1

[Event "20e tournoi d'automne"]
[Site "Montigny le Bretonneux"]
[Date "2022.10.27"]
[Round "6.18"]
[White "Yu, Etan"]
[Black "Aidan, David"]
[Result "0-1"]
[WhiteElo "1199"]
[BlackElo "1266"]
[Annotator "Rivier,Sylvain"]
[PlyCount "134"]
[EventDate "2022.??.??"]

{Défense Petroff} 1. e4 e5 2. Nf3 Nf6 3. Nxe5 d6 4. Nf3 Nxe4 5. Qe2 Qe7 6. d3
Nf6 7. Bg5 Qxe2+ 8. Bxe2 Be7 9. Nc3 c6 10. O-O O-O 11. Nd4 h6 12. Bh4 Re8 13.
Rfe1 Na6 14. Bf3 Bd7 15. Ne4 Kf8 16. Nxf6 Bxf6 17. Bxf6 gxf6 18. Ne2 Nc7 19.
Ng3 Re6 20. Bg4 Rxe1+ 21. Rxe1 Bxg4 22. f3 Be6 23. Ne4 Ne8 24. g4 f5 25. Nf2
Ng7 26. h3 Re8 27. c4 d5 28. b3 b5 29. c5 d4 30. b4 Bd5 31. Rxe8+ Kxe8 32. Kg2
Bxa2 33. Kg3 Bb1 34. Kf4 fxg4 35. fxg4 Ne6+ 36. Ke5 Ke7 37. h4 f6+ 38. Kf5 Kf7
39. h5 a6 40. Ke4 Ba2 41. Kf5 Bd5 42. Nh3 Ng5 43. Nf4 Be6+ 44. Nxe6 Nxe6 45.
Ke4 Ke7 46. Kf5 Ng5 47. Kg6 Nf7 48. Kf5 Ne5 49. Ke4 Nxg4 50. Kxd4 f5 51. Kc3
Ke6 52. d4 f4 53. Kd3 Kd5 54. Ke2 Kxd4 55. Kf3 Nf6 56. Kxf4 Nxh5+ 57. Kf5 Kc4
58. Kg6 Kxb4 59. Kxh5 a5 60. Kxh6 a4 61. Kg6 a3 62. Kf6 a2 63. Ke6 Kxc5 64. Ke7
a1=Q 65. Kd8 Qa7 66. Kc8 Kd6 67. Kd8 Qd7# 0-1

[Event "20e tournoi d'automne"]
[Site "Montigny le Bretonneux"]
[Date "2022.10.27"]
[Round "6.19"]
[White "Bisson, Bernard"]
[Black "Ndika, Anthony"]
[Result "0-1"]
[WhiteElo "1228"]
[BlackElo "1265"]
[Annotator "Rivier,Sylvain"]
[PlyCount "91"]
[EventDate "2022.??.??"]

{Défense française, variante d'avance} 1. e4 e6 2. Nf3 d5 3. e5 c5 4. d4 cxd4
5. Nxd4 Nc6 6. Be3 Nxe5 7. Be2 Nf6 8. O-O a6 9. b3 Bd6 10. Nd2 O-O 11. Rb1 Bd7
12. a4 h6 13. f3 Nc6 14. Nxc6 Bxc6 15. Re1 Qc7 16. f4 Bxf4 17. Bxf4 Qxf4 18.
Rf1 Qd4+ 19. Kh1 Ne4 20. Nxe4 Qxe4 21. Bd3 Qe5 22. Qd2 b5 23. Rbe1 Qd6 24. a5
b4 25. Rf2 Qc5 26. Ref1 Qxa5 27. Re1 Bb5 28. h3 Bxd3 29. Qxd3 Qb6 30. Qg3 Qd4
31. Rf4 Qc3 32. Qf2 a5 33. Re3 Qc5 34. Qg3 Qxc2 35. Rf6 Kh7 36. Rf2 Qg6 37. Qf3
Rac8 38. Rf1 d4 39. Rd3 Rc3 40. Rfd1 Rxd3 41. Rxd3 e5 42. Qe2 Rc8 43. Rf3 f6
44. Kh2 Rc3 45. Qf2 Rxf3 46. Qxf3 0-1